000 00773nmc a2200289 a 4500
003 AR-BaBNM
005 20251128205735.0
008 088019s1997 ||||||||||||||000 | spa||
020 _a987-9172-20-5
040 _cAR-BaBNM
100 1 _aMuslip, Eduardo
245 1 0 _aFondo negro
_blos Lugones : Leopoldo, Polo y PirĂ­
260 _aBuenos Aires
_bSolaris
_c1997
300 0 _a182 p.
490 0 _aPersonajes de la historia
650 4 _aLITERATURA ARGENTINA
650 4 _aHISTORIA ARGENTINA
650 4 _aESCRITORES
650 4 _aLITERATURA CONTEMPORANEA
653 0 _aNOVELA BIOGRAFICA
653 _aNARRATIVA
653 0 _aDICTADURA MILITAR 1976-1983
655 _aLITERATURA
800 1 _aAtorresi, Ana
_edirector
942 _cBK
998 _cMARTIN
999 _c12632
_d12632